000 00421nam a2200181Ia 4500
001 673
005 20260306140535.0
008 260306t1989||||xx |||||||||||||| ||spa||
041 _aESP
082 _a128.3
_bG25
100 _aGarcía Hoz, Víctor (Dir.)
_eAUT
245 0 _aEl concepto de persona
260 _c1989
300 _a293 páginas :
_c21 cm.
650 _aGEN
654 _aCHU
942 _cLIB
_dJUS
_fJUS
_2ddc
_n
999 _c673
_d673